Hindi upanyas aur yatharthwad (Record no. 1234248)

MARC details
000 -LEADER
fixed length control field 00575nam a2200217Ia 4500
005 - DATE AND TIME OF LATEST TRANSACTION
control field 20241129120314.0
008 - FIXED-LENGTH DATA ELEMENTS--GENERAL INFORMATION
fixed length control field 241129s9999||||xx |||||||||||||| ||und||
020 ## - INTERNATIONAL STANDARD BOOK NUMBER
International Standard Book Number 9789355181039
037 ## - SOURCE OF ACQUISITION
Stock number TB
040 ## - CATALOGING SOURCE
Original cataloging agency SDCL
Language of cataloging eng
Transcribing agency SDCL
041 ## - LANGUAGE CODE
Language code of text/sound track or separate title hin
Source of code hin
084 ## - COLON CLASSIFICATION NUMBER
Classification number O152,6N29x R2
Assigning agency SDCL
100 ## - MAIN ENTRY--PERSONAL NAME
Personal name Singh Tribhuwan
245 #0 - TITLE STATEMENT
Title Hindi upanyas aur yatharthwad
260 ## - PUBLICATION, DISTRIBUTION, ETC.
Place of publication, distribution, etc. New Delhi
Name of publisher, distributor, etc. Vani Prakashan India
Date of publication, distribution, etc. 2022
300 ## - PHYSICAL DESCRIPTION
Extent xxvi,940p.
365 ## - TRADE PRICE
Price type code INR
Price amount 1599
650 ## - SUBJECT ADDED ENTRY--TOPICAL TERM
Topical term or geographic name entry element Hindi
942 ## - ADDED ENTRY ELEMENTS (KOHA)
Koha item type Textbook
Classification part O152,6N29x R2
Holdings
Withdrawn status Lost status Damaged status Not for loan Home library Current library Date acquired Source of acquisition Cost, normal purchase price Total Checkouts Full call number Barcode Date last seen Date last checked out Price effective from Koha item type
        South Campus Library South Campus Library 2024-11-29 Vani Prakashan 1599.00 1 O152,6N29x R2 SC1808170 2025-02-21 2025-02-10 2024-11-29 Textbook
Copyright @ Delhi University Library System